Charakteristika základných oblastí sociálnej politiky a ich vzťahy bakalárska práca

Saved in:
Bibliographic Details
Main Author: Gráčová, Zuzana
Corporate Author: Národohospodárska fakulta EU. Katedra hospodárskej politiky
Other Authors: Choluj, Vladimír
Format: Book
Language:Slovak
Published: Bratislava 2009
Tags: Add Tag
No Tags, Be the first to tag this record!

MARC

LEADER 00000nam$a2200000$$$4500
001 0099044
005 20240319123808.0
041 0 |a slo 
044 |a SK 
245 1 0 |a Charakteristika základných oblastí sociálnej politiky a ich vzťahy  |b bakalárska práca  |c Zuzana Gráčová ; škol. Vladimír Choluj 
264 1 |a Bratislava  |c 2009 
300 |a 39 s. 
100 1 |a Gráčová, Zuzana 
700 1 |a Choluj, Vladimír 
710 2 |a Národohospodárska fakulta EU. Katedra hospodárskej politiky